01015nam a2200277 a 450000100060000000300080000600500170001400800410003103500190007204000470009104100080013806000230014608200200016910000340018924501330022325000120035626000730036830000500044149000580049150000200054965000130056965000180058265000280060070000510062883000580067937464BD-RjUL20211209052619.0150120r20081955ii a 001 0 eng d a(BD-RjUL)37568 aNLMcNLMdCSUdSERdUKMdEQOdBD-RjULbeng aeng10aSB 931bF362a 1955 a632.7bFEA 20081 aFernald, Henry Torsey,d1866-10aApplied entomology; an introductory textbook of insects in their relations to man /c[by] H. T. Fernald [and] Harold H. Shepard. a5th ed. aJodhpur, India : bJ.V. Publishing House, 2008c1955 [reprint 2008]. a[6], 369, [15] p. : bill., ports. ; c22 cm.1 aMcGraw-Hill publications in the agricultural sciences aIncludes index. 2aInsects. 0aInsect pests. 0aInsectszUnited States.1 aShepard, Harold H.q(Harold Henry),d1898-1993 0aMcGraw-Hill publications in the agricultural sciences